[Event "Dundee Allegro op"]
[Site "Dundee"]
[Date "2023.03.05"]
[Round "2"]
[White "Emery, Keith"]
[Black "Kosznik, Dariusz"]
[Result "0-1"]
[WhiteElo "1689"]
[BlackElo "1761"]
[PlyCount "72"]
[EventDate "2023.03.05"]
[EventType "swiss"]
[EventRounds "5"]
[EventCountry "SCO"]
[SourceTitle "CBM 213 Extra"]
[Source "ChessBase"]
[SourceDate "2023.05.31"]
[SourceVersion "1"]
[SourceVersionDate "2023.05.31"]
[SourceQuality "1"]

1. e4 e6 2. Nf3 c5 3. d4 cxd4 4. Nxd4 Nf6 5. Bd3 a6 6. Bg5 Be7 7. 0-0 d6 8. Nd2 Nbd7 9. Kh1 b5 10. Nc6 Qc7 11. Nxe7 Kxe7 12. f4 Bb7 13. f5 e5 14. c3 Nc5 15. Bxf6+ gxf6 16. Bc2 d5 17. exd5 Bxd5 18. Nb3 Rad8 19. Qe2 Rhg8 20. Rg1 Rg5 21. Nxc5 Qxc5 22. Be4 Bc4 23. Qf3 Rd2 24. b3 Be2 25. Qh3 h5 26. Bf3 Rd3 27. Rae1 Bxf3 28. gxf3 Rxg1+ 29. Rxg1 Qxc3 30. Qxh5 Rxf3 31. Rg7 Qe1+ 32. Rg1 Qe4 33. Rg7 Qe1+ 34. Kg2 Qe4 35. Kh1 Qe1+ 36. Rg1 Qe4 0-1

[Event "Dundee & Angus op Challengers"]
[Site "Dundee"]
[Date "2012.10.14"]
[Round "5"]
[White "Kleboe, James PR"]
[Black "Kosznik, Dariusz"]
[Result "1-0"]
[WhiteElo "1724"]
[BlackElo "1625"]
[PlyCount "103"]
[EventDate "2012.10.12"]
[EventType "swiss"]
[EventRounds "5"]
[EventCountry "SCO"]
[SourceTitle "EXT 2017"]
[Source "ChessBase"]
[SourceDate "2016.10.25"]
[SourceVersion "1"]
[SourceVersionDate "2016.10.25"]
[SourceQuality "1"]

1. e4 e6 2. d4 d5 3. Bd3 Nf6 4. e5 Nfd7 5. Nf3 c5 6. c3 Nc6 7. a3 cxd4 8. cxd4 Qb6 9. Bc2 Be7 10. 0-0 f6 11. Re1 0-0 12. Nc3 fxe5 13. Na4 Qc7 14. dxe5 Ncxe5 15. Nxe5 Nxe5 16. f4 Nf7 17. Be3 b6 18. Rc1 Qd7 19. Qh5 Nh6 20. g4 Qe8 21. Qh3 Bd7 22. Nc3 Qf7 23. f5 Bc5 24. fxe6 Bxe3+ 25. Qxe3 Bxe6 26. Qxe6 Qxe6 27. Rxe6 Rad8 28. Bb3 Nxg4 29. Bxd5 Kh8 30. Rce1 Nf6 31. Bb3 Rd2 32. R1e2 Rd4 33. h3 h6 34. Kh2 h5 35. Ne4 Nxe4 36. R6xe4 Rxe4 37. Rxe4 Rf2+ 38. Kg3 Rxb2 39. Re8+ Kh7 40. Bg8+ Kg6 41. Re6+ Kf5 42. Re7 g5 43. Rf7+ Kg6 44. Rxa7 h4+ 45. Kf3 Kf5 46. Re7 Rd2 47. Re3 Kf6 48. Rb3 Rd6 49. Bh7 Ke5 50. Rb5+ Kf6 51. Be4 Re6 52. Rf5+ 1-0

[Event "Dundee & Angus op Challengers"]
[Site "Dundee"]
[Date "2012.10.13"]
[Round "2"]
[White "Hilton, Stephen H"]
[Black "Kosznik, Dariusz"]
[Result "1/2-1/2"]
[WhiteElo "1722"]
[BlackElo "1625"]
[PlyCount "71"]
[EventDate "2012.10.12"]
[EventType "swiss"]
[EventRounds "5"]
[EventCountry "SCO"]
[SourceTitle "EXT 2017"]
[Source "ChessBase"]
[SourceDate "2016.10.25"]
[SourceVersion "1"]
[SourceVersionDate "2016.10.25"]
[SourceQuality "1"]

1. d4 e6 2. c4 d5 3. Nc3 Nf6 4. Nf3 Be7 5. Bg5 Nbd7 6. e3 0-0 7. cxd5 exd5 8. Bd3 c6 9. Qc2 Re8 10. 0-0 Nf8 11. Bxf6 Bxf6 12. b4 a6 13. a4 Bg4 14. Nd2 Qe7 15. Rab1 Rac8 16. Nb3 g6 17. Nc5 Ne6 18. Nxe6 Bxe6 19. a5 Bd7 20. Na4 Bg7 21. Nb6 Rcd8 22. Rfc1 Bg4 23. Na4 Qg5 24. f4 Qe7 25. Re1 Rd6 26. Nc5 Rf6 27. h3 Bc8 28. Re2 Rd6 29. Rbe1 f5 30. Qc3 Rf6 31. Bc2 Rf7 32. Bb3 Qh4 33. Nd3 Rfe7 34. Ne5 Qf6 35. Qd2 Qd6 36. Qc3 1/2-1/2